000 01825nab a2200253 a 4500
005 20240925070136.0
008 991125c2019 sp ar p o 000 0 spa d
035 _aUPN01000232121
040 _aMX-MxUPN
_bspa
_cMX-MxUPN
_eaacr2
049 _aART-E
100 1 _aPimentel Santos, Wéllia
_6- welliapimentel@hotmail.com
245 1 0 _aDel movimiento femenino brasileño a la violencia contra la mujer en el ámbito familiar: datos y definiciones
_h[recurso electrónico en línea]
506 0 _aAcceso abierto
520 3 _aActualmente somos capaces de acompañar lo que está sucediendo en todo el mundo. Los avances tecnológicos disminuyeron distancias y acercaron a las personas. Por otro lado, ciertas transformaciones de nuestro tiempo también crearon un enorme abismo entre ellas. Tenemos dificultades para percibir lo que está sucediendo a nuestro alrededor, tal como la violencia invisible que se esconde tras el prejuicio y los patrones culturales. La reflexión sobre las configuraciones familiares y sus desafíos es la propuesta de este artículo, al que se consubstancia en autores del área auxiliando la comprensión de la problemática de la violencia contra la mujer. Se realizará, por lo tanto, un estudio bibliográfico de carácter descriptivo y cualitativo, destacando la Ley Maria da Penha como una importante garantía en el marco de los derechos de las mujeres brasileñas.
650 4 _aViolencia
_97151
650 2 _aMujeres
_97160
650 4 _aFamilias
_944286
653 0 5 _aBrasil
773 _gNo. 14 (2019), p. 189-206
_tCuestiones de género : de la igualdad y la diferencia
_x1699-597X
856 4 0 _uhttp://revpubli.unileon.es/index.php/cuestionesdegenero/article/view/5747/4474
902 _aGloriaJiménez/251022
_bGloriaJiménez/251022
905 _aArticulo
942 _cART-E
999 _c204216
_d204216